000 00359nam a2200169Ia 4500
003 0100
008 130303s9999 xx 000 0 und d
040 _cARRUPELIB
050 _aK246.P451977
100 _aDworkin, R.M
245 4 _aThe Philosophy of Law
260 _aHong Kong
260 _bOxford UP
260 _C1977
300 _a176p
942 0 0 _01
999 _c28379
_d28379